Top 20 Joueurs les plus rapides FC26 - Statistiques

Statistiques générales
  • Ce quiz a été pris 121 fois
  • Le résultat moyen est 5 sur 20
Statistiques - réponses
Hint Réponse % Correct
1 France Kylian Mbappé
100%
3 Brésil Vinicius JR
75%
8 Canada Alphonso Davies
55%
6 Potugal Nuno Mendes
44%
2 Allemagne Karim Adeyemi
42%
19 Espagne Nico Williams
29%
16 Portugal Rafael Leao
27%
14 Ghana Inaki Williams
26%
9 Pays Bas Jeremie Frimpong
23%
4 France Moussa Diaby
18%
5 Belgique Lois Openda
17%
10 Pays de Galles Daniel James
13%
13 Espagne Adama Traoré
12%
15 Canada Moïse Bombito
6%
12 Gambie Yankuba Minteh
5%
20 Turquie Baris Yilmaz
3%
7 France Jean-Mattéo Bahoya
2%
18 Nigéria Bright Osayi-Samuel
1%
17 Brésil Galeno
1%
11 Cote d'ivoire Rosemonde Kouassi
1%
Aucun quiz correspondant
Distribution des résultats
% des personnes avec chaque résultat
Percentile par nombre de réponses
Votre historique - résultats
Vous n’avez pas pris ce quiz